00773cam a22002413 4500001000500000005001700005008004100022020001700063040002300080050001400103082000800117100002600125245004500151260003500196300004000231490002500271500002600296505000800322520013300330521002000463521002000483655002800503120620230825144405.0020701s1998 nyu 000 1 eng  a078073004997 aDLCcDLCdDLCbeng00aPZ7.A6485 aFic1 aApplegate, Katherine.14aThe solution /bA mistake has been made. aNew York :bScholastic,c1998. a152 pages ;c20 cmbIllustrations ;1 aAnamorphs ;vBook 22 a"An Apple paperback." aN  aRachel and the other Animorphs resolve to eliminate David, an enemy within their ranks who may cause their defeat by the Yeerks. a550 bLexile  aN bRaz-Plus  7aScience fiction.2gsafd